000
00270nam a2200109Ia 4500
005
20251222154334.0
008
251222s9999||||xx |||||||||||||| ||spa||
020
_a
84-451-0596-5
082
_a
371.208.5/C76/Ej.3
245
0
_a
El proyecto educativo de centro
942
_c
LIB
999
_c
34253
_d
34253